00719nai a2200181Ia 4500003000900000008004100009022002200050022002300072040001600095245007300111260008600184310001400270362002600284521006900310650003600379650002900415856009300444IN-BaIIA211028c9999 xx s 000 0 eng d a2379-8920 (Print) a2379-8939 (Online) cIIA Library 0aIEEE Transactions on Cognitive and Developmental Systemsh[eJournal] aNew York, USAbThe Institute of Electrical and Electronics Engineers, Inc. (IEEE) aQuarterly a8(1); 2016 - Present  bSubscribed through National Knowledge Resource Consortium (NKRC) a Signal Processing and Analysis aComputing and Processing uhttps://ieeexplore.ieee.org/servlet/opac?punumber=7274989yClick Here to Access eJournal